[Event "Eurasia Open Cup 2019"]
[Site "Ekaterinburg"]
[Date "2019.08.09"]
[Round "9.2"]
[White "Kunin, Vitaly"]
[Black "Afanasiev, Nikita"]
[Result "1/2-1/2"]
[WhiteElo "2527"]
[BlackElo "2514"]
[Annotator "TA"]
[PlyCount "70"]
[EventDate "2019.07.31"]
[EventType "swiss"]
[EventCountry "RUS"]
[SourceTitle "playchess.com"]
[Source "ChessBase"]
[SourceQuality "1"]

{[%evp 17,70,0,17,17,16,16,18,0,1,0,-4,-8,0,0,0,-6,42,-6,-4,0,0,-11,0,0,0,-1,0,-7,-6,-9,-4,-4,-19,-32,-14,-22,27,-46,0,-41,-33,-49,-37,-54,-40,-72,-58,-91,-56,-56,0,-76,-65,-85,0]} 1. Nf3 d5 2. g3 Nf6 3. Bg2 c6 4. O-O Bg4 5. d4 Nbd7 6. Nbd2 e6 7. Re1 Be7 8. e4 O-O 9. c3 Rc8 10. h3 {D02: 1 d4 d5 2 Nf3 sidelines, including 2...Nf6 3 g3 and 2...Nf6 3 Bf4} Bh5 11. e5 Ne8 $1 12. Nb3 {[%cal Bd2b3,Bb3c1,Bc1d3,Bd3f4][%mdl 32] The position is equal.} (12. Nf1 c5 13. g4 Bg6 14. Ng3 b5 {½-½ (14) Mamedov,R (2639)-Akobian,V (2632) Arlington 2015}) 12... Nc7 13. Be3 $146 ({Predecessor:} 13. g4 Bg6 14. Bf4 c5 15. Bg3 Na6 16. Qe2 cxd4 17. Nfxd4 Nac5 {1-0 (38) Sanders,I (2282)-Timmermans,I (2203) Vlissingen 2014}) 13... Na6 14. Nc1 c5 15. Nd3 cxd4 16. Bxd4 Bc5 17. Nf4 Bxf3 18. Bxf3 Qb6 19. Bxc5 Rxc5 (19... Naxc5 {is interesting.} 20. Qe2 Rfd8 21. h4 Ne4 22. Bxe4 dxe4 23. Rad1 e3) 20. Qd2 Rfc8 21. Rad1 {[%cal Rf3d5]} Nab8 22. Bg4 Nf8 23. h4 Nbd7 24. h5 h6 25. Re3 Rc4 26. Bf3 Qa5 27. a3 (27. b3 $1 $11 R4c7 28. Bxd5) 27... Nb6 28. Ree1 R4c7 29. Qe2 Qa4 30. Rd4 Rc4 31. Red1 Qb3 32. R4d2 R4c6 33. Rd4 Rc4 34. R4d2 $1 R4c7 35. Rd4 {[#] Black must now prevent Rb4.} Rc4 {Accuracy: White = 38%, Black = 55%.} (35... a5 $1 $17) 1/2-1/2

[Event "Eurasia Open Cup 2019"]
[Site "Ekaterinburg"]
[Date "2019.08.09"]
[Round "9.3"]
[White "Alekseev, Evgeny"]
[Black "Drygalov, Andrey"]
[Result "1/2-1/2"]
[WhiteElo "2645"]
[BlackElo "2494"]
[Annotator "TA"]
[PlyCount "83"]
[EventDate "2019.07.31"]
[EventType "swiss"]
[EventCountry "RUS"]
[SourceTitle "playchess.com"]
[Source "ChessBase"]
[SourceQuality "1"]

{[%evp 12,83,12,12,12,19,10,10,10,7,0,0,14,10,33,33,28,27,50,66,67,58,58,70,97,64,65,34,45,0,29,22,15,-10,63,45,56,54,53,52,63,54,54,54,69,54,55,45,55,44,58,52,81,52,40,0,13,13,13,13,26,20,19,20,31,9,17,22,28,5,4,6,20,7]} 1. e4 e5 2. Nf3 Nc6 3. Bb5 a6 4. Ba4 Nf6 5. d3 Bc5 6. c3 d6 7. O-O Ba7 {C78: Ruy Lopez: Archangelsk and Möller Defences} 8. Re1 O-O 9. Bxc6 bxc6 10. h3 h6 $146 ({Predecessor:} 10... Re8 11. Be3 Bxe3 12. Rxe3 a5 13. Nbd2 c5 14. Qc2 a4 15. Rae1 {½-½ (30) Hernandez Guerrero,G (2528)-Anton Guijarro,D (2648) Neuquen 2017}) 11. Be3 c5 12. Nbd2 Rb8 13. b4 Nd7 14. Nb3 Bb6 15. bxc5 dxc5 16. Nfd2 Qe7 17. Nc4 Nf6 18. Qf3 Re8 19. Rab1 Bd7 20. Bc1 Rbd8 21. Ne3 Be6 22. c4 c6 ({Black should try} 22... Rxd3 $11 23. Nd5 Nxd5 24. Qxd3 Nb4 {[%mdl 64] Double Attack}) 23. Rd1 Kh8 24. Bb2 Nd7 25. Bc3 Rb8 26. Rb2 Qd8 27. Rdb1 Kh7 28. Kh2 Bc7 29. Qe2 g6 30. Kh1 Rf8 31. Qe1 f5 32. f3 f4 33. Nf1 Qf6 34. Na5 Rxb2 35. Rxb2 Bxa5 36. Bxa5 g5 37. Rb7 h5 $1 38. Nh2 g4 39. fxg4 hxg4 40. hxg4 {Black must now prevent Rc7.} Rh8 $1 41. Kg1 {[#] Nf3 is the strong threat.} Kg8 42. Ra7 {Accuracy: White = 44%, Black = 62%.} 1/2-1/2

[Event "Eurasia Open Cup 2019"]
[Site "Ekaterinburg"]
[Date "2019.08.09"]
[Round "9.4"]
[White "Khismatullin, Denis"]
[Black "Shubin, Kirill"]
[Result "1-0"]
[WhiteElo "2618"]
[BlackElo "2426"]
[Annotator "RC"]
[PlyCount "59"]
[EventDate "2019.07.31"]
[EventType "swiss"]
[EventCountry "RUS"]
[SourceTitle "playchess.com"]
[Source "ChessBase"]
[SourceQuality "1"]
[TimeControl "5400+30"]

1. d4 {[%emt 0:04:16]} e6 {[%emt 0:00:00]} 2. c4 {[%emt 0:00:00]} Nf6 {[%emt 0:00:00]} 3. Nc3 {[%emt 0:01:13]} Bb4 {[%emt 0:00:00]} 4. Bg5 {[%emt 0:04:27]} b6 {[%emt 0:05:22]} 5. f3 {[%emt 0:02:01]} O-O {[%emt 0:04:01]} 6. e4 {[%emt 0:02:03]} d6 {[%emt 0:00:13]} 7. Bd3 {[%emt 0:15:26]} h6 {[%emt 0:05:24]} 8. Bh4 {[%emt 0:08:03]} Nbd7 {[%emt 0:06:55]} 9. Nge2 {[%emt 0:06:09]} c5 {[%emt 0:03:11]} 10. a3 {[%emt 0:01:38]} Bxc3+ {[%emt 0:00:53]} 11. bxc3 {[%emt 0:00:06]} Qc7 {[%emt 0:01:15]} 12. O-O {[%emt 0:00:42]} Bb7 {[%emt 0:06:32]} 13. a4 {[%emt 0:05:40]} Rfc8 {[%emt 0:03:54]} 14. d5 {[%emt 0:03:48]} Re8 {[%emt 0:05:44]} 15. Qc2 {[%emt 0:03:47]} exd5 {[%emt 0:01:17]} 16. exd5 {[%emt 0:00:17]} Ba6 {[%emt 0:00:41]} 17. Ng3 {[%emt 0:04:33]} Kf8 {[%emt 0:15:15]} 18. f4 {[%emt 0:06:55]} g6 {[%emt 0:10:06]} 19. Bxg6 {[%emt 0:03:35]} Bxc4 {[%emt 0:00:33]} 20. Bf5 {[%emt 0:06:03]} Ng8 {[%emt 0:02:40]} 21. Bd3 {[%emt 0:00:41]} Bxd5 {[%emt 0:03:20]} 22. Bb5 {[%emt 0:02:17]} f6 {[%emt 0:02:43]} 23. Rad1 {[%emt 0:01:49]} Be6 {[%emt 0:01:44]} 24. Qg6 {[%emt 0:02:49]} Re7 {[%emt 0:01:52]} 25. Nh5 {[%emt 0:01:48]} c4 {[%emt 0:08:26]} 26. Kh1 {[%emt 0:05:48]} Rd8 {[%emt 0:06:50]} 27. Bxd7 {[%emt 0:01:34]} Rdxd7 {[%emt 0:00:44]} 28. Bxf6 {[%emt 0:01:23]} Nxf6 {[%emt 0:01:02]} 29. Qxf6+ {[%emt 0:00:25]} Kg8 {[%emt 0:00:42]} 30. f5 {[%emt 0:00:47]} 1-0

[Event "Eurasia Open Cup 2019"]
[Site "Ekaterinburg"]
[Date "2019.08.09"]
[Round "9.5"]
[White "Pridorozhni, Aleksei"]
[Black "Kanter, Eduard"]
[Result "1-0"]
[WhiteElo "2586"]
[BlackElo "2384"]
[Annotator "TA"]
[PlyCount "57"]
[EventDate "2019.07.31"]
[EventType "swiss"]
[EventCountry "RUS"]
[SourceTitle "playchess.com"]
[Source "ChessBase"]
[SourceQuality "1"]

{[%evp 17,57,34,24,-1,0,-1,8,10,21,0,99,92,75,52,44,54,63,60,62,76,52,20,52,29,79,83,323,357,446,458,435,465,447,428,1375,1344,1379,1283,29970,29971,29989,29990]} 1. e4 c5 2. Nc3 Nc6 3. Bb5 Nd4 4. Nf3 a6 5. Bd3 Nc6 6. O-O d6 7. Bc4 Nf6 8. d4 cxd4 9. Nxd4 e6 10. Kh1 {B88: Sicilian: Sozin Attack} (10. Nxc6 bxc6 11. Qe2 d5 12. Bb3 Be7 13. Ba4 Bd7 14. e5 Ng8 15. Qg4 g6 16. Ne2 h5 17. Qf3 Nh6 18. Bxh6 Rxh6 {1-0 (73) Harikrishna,P (2726)-Hou,Y (2629) Biel 2014}) 10... Be7 11. f4 Qc7 12. f5 {[%cal Rf5e6] The position is equal.} Na5 13. Bd3 $146 ({Predecessor:} 13. Be2 e5 14. Nf3 h6 15. a4 b6 16. Qd3 Bb7 17. Nd2 Rc8 18. Qg3 {0-1 (52) Hauck,H (2129)-Schuh,K (2230) Germany 2009}) 13... e5 (13... O-O $11) 14. Nde2 $16 b5 15. Bg5 Bb7 $1 16. Ng3 O-O 17. Bxf6 Bxf6 18. Nh5 Bg5 19. f6 $1 {[%cal Rf6g7]} g6 20. Qg4 Bh6 21. Ng3 {Hoping for Qh4.} Kh8 $2 {[#]} (21... Rfc8 $16) 22. Qh4 $1 $18 {[%cal Rh4h6]} Bf4 23. Nd5 Bxd5 24. exd5 Bxg3 25. hxg3 ({Less strong is} 25. Qxg3 Rfc8 $16) 25... Rg8 (25... Rfb8 $142 26. Qh6 Rg8) 26. g4 e4 27. Bxe4 Rae8 28. Rf3 h5 29. Qg5 {Accuracy: White = 77%, Black = 36%.} 1-0

[Event "Eurasia Open Cup 2019"]
[Site "Ekaterinburg"]
[Date "2019.08.09"]
[Round "9.6"]
[White "Kabanov, Nikolai"]
[Black "Bocharov, Ivan"]
[Result "0-1"]
[WhiteElo "2450"]
[BlackElo "2559"]
[Annotator "TA"]
[PlyCount "66"]
[EventDate "2019.07.31"]
[EventType "swiss"]
[EventCountry "RUS"]
[SourceTitle "playchess.com"]
[Source "ChessBase"]
[SourceQuality "1"]

{[%evp 9,66,0,0,0,8,8,25,17,12,20,14,10,24,5,32,6,11,12,26,21,49,7,25,16,21,22,37,39,129,0,0,-7,-13,-28,-17,-14,205,0,0,-12,-15,-17,12,16,1,-17,-14,-135,-125,-137,-135,-140,-152,-215,-173,-243,-233,-219,-167]} 1. e4 c5 2. Nc3 d6 3. f4 g6 4. d4 cxd4 5. Qxd4 Nf6 6. Bd3 {B23: Closed Sicilian: Lines without g3} Nc6 7. Qf2 Bg7 8. Nf3 {White has an edge.} O-O 9. O-O Nb4 (9... Bg4 10. Qh4 Qa5 11. f5 Bxf3 12. Rxf3 {½-½ (34) Navara,D (2727)-Donchenko,A (2587) Brest 2018}) 10. h3 b6 11. Be3 Bb7 $146 ({Predecessor:} 11... Nxd3 12. cxd3 {1-0 (44) El Jawich,A (2254)-Aditya,V (1696) Sharjah 2018}) 12. a3 Nxd3 13. cxd3 Rc8 14. Bd4 Qd7 15. Qh4 h6 16. Rad1 Rfe8 17. Kh1 Qc7 18. f5 Qd8 (18... e5 $14 19. fxe6 Rxe6) 19. Be3 (19. fxg6 $16 fxg6 20. Bxf6 exf6 21. Qg4) 19... g5 $11 20. Nxg5 hxg5 21. Bxg5 {Rf4 is the strong threat.} Nh7 $1 22. Rf4 Bxc3 $2 {[#]} (22... Nxg5 $11 23. Qxg5 f6) 23. bxc3 $2 (23. Qh5 $1 $18 Bg7 24. Rg4) 23... f6 $1 {[%cal Rf6g5]} ({But not} 23... Rxc3 $2 24. Rg4 $18) 24. Rg4 {Bxf6+ would kill now.} Kh8 $1 25. Bd2 d5 26. Qh5 $40 {[%mdl 128] Threatening mate with Rh4. White attacks.} ({Worse is} 26. Qh6 Rg8 $17) 26... e5 {Hoping for ...dxe4.} 27. fxe6 Rxe6 {[%cal Rd5e4]} 28. exd5 (28. Rf1 $11 {remains equal.} Rc7 29. exd5 Bxd5 30. Rg6) 28... Qxd5 $17 29. Qg6 {[%csl Gg4][%cal Rg6g7] [#]} Re7 $1 {Black is clearly better.} 30. c4 Qf7 31. Qf5 (31. Qxf7 $17 {is a better defense.} Rxf7 32. Kh2) 31... Rg8 {Strongly threatening ...Re2.} 32. Bc3 (32. Re1 {was worth a try.}) 32... Rxg4 $19 33. Qxg4 Qg7 {Accuracy: White = 55%, Black = 50%.} 0-1

[Event "Eurasia Open Cup 2019"]
[Site "Ekaterinburg"]
[Date "2019.08.09"]
[Round "9.7"]
[White "Moiseenko, Vadim"]
[Black "Postnikov, Daniil"]
[Result "1-0"]
[WhiteElo "2523"]
[BlackElo "2354"]
[Annotator "TA"]
[PlyCount "63"]
[EventDate "2019.07.31"]
[EventType "swiss"]
[EventCountry "RUS"]
[SourceTitle "playchess.com"]
[Source "ChessBase"]
[SourceQuality "1"]

{[%evp 12,75,23,23,35,32,34,27,32,24,29,16,66,57,60,47,62,55,58,56,53,46,63,50,80,88,106,106,111,89,106,106,108,88,109,87,97,91,426,422,416,425,426,420,441,433,576,570,686,626,971,958,1006,1291,1284,1279,1193,1149,1113,1066,1075,1054,1302,1297,1175,1141]} 1. e4 e5 2. Bc4 Nf6 3. d3 Nc6 4. Nf3 Be7 5. O-O O-O 6. h3 d6 7. a4 h6 {C55: Two Knights: 4 d3, 4 d4 exd4 5 e5 and Max Lange Attack} (7... a5 8. Re1 Be6 9. Nbd2 Nd7 10. c3 Nc5 11. d4 Bxc4 12. Nxc4 exd4 13. cxd4 Nd7 14. Bd2 Re8 15. d5 {½-½ (33) So,W (2754)-Nepomniachtchi,I (2773) Abidjan 2019}) 8. Re1 Nh7 9. Nc3 Ng5 {White has an edge.} 10. Bxg5 Bxg5 11. Nd5 g6 $146 ({Predecessor:} 11... Kh8 12. a5 a6 13. c3 f5 14. Nxc7 fxe4 15. Rxe4 Qxc7 16. Nxg5 Qe7 17. Nf3 Qf6 18. Re3 Ne7 19. Bb3 Ng6 20. Qe1 Bd7 {½-½ (20) Topic,J (1967)-Biti,A (2109) Rogatska Slatina 2009}) 12. c3 Kg7 13. d4 Be6 14. a5 a6 15. Qa4 Bd7 16. Qa2 Rc8 17. Rad1 Qe8 18. b4 Bd8 19. Qd2 f6 20. Ba2 h5 21. Ne3 Na7 22. c4 Be6 23. Rc1 {[%cal Bd1c1,Bc1b1,Bb1b3][%mdl 32]} c5 {[#]} 24. bxc5 $1 exd4 $2 {[%mdl 8192] [#]} (24... dxc5 $16 {is a better chance.} 25. d5 (25. dxe5 fxe5 26. Nxe5 Nc6 $14) 25... Bf7) 25. Nf5+ $1 $18 {[%mdl 512]} gxf5 (25... Bxf5 26. exf5) 26. exf5 dxc5 27. Rxe6 Qa4 28. Rb1 {White is clearly winning.} Rc7 29. Rb3 Kg8 30. Nh4 {Intending Qh6 and mate.} Rg7 31. Ng6 Re8 {[#]} 32. Qe1 {Played: Qd2-e2} 1-0

[Event "Eurasia Open Cup 2019"]
[Site "Ekaterinburg"]
[Date "2019.08.09"]
[Round "9.8"]
[White "Khusenkhojaev, Muhammad"]
[Black "Burmakin, Vladimir"]
[Result "0-1"]
[WhiteElo "2441"]
[BlackElo "2506"]
[Annotator "TA"]
[PlyCount "102"]
[EventDate "2019.07.31"]
[EventType "swiss"]
[EventCountry "RUS"]
[SourceTitle "playchess.com"]
[Source "ChessBase"]
[SourceQuality "1"]

{[%evp 20,102,32,27,29,19,30,29,31,28,31,27,29,26,24,0,0,0,0,0,0,0,0,-15,0,0,0,0,0,0,0,0,0,0,0,0,0,0,0,0,0,0,0,0,0,0,0,0,0,0,0,0,25,25,25,0,0,0,0,0,0,-22,-22,-22,-22,-22,-16,-13,-22,-457,-456,-960,-71,-373,0,-943,-908,-597,-568,-1081,-985,-5593,-5597,-29981,-29982]} 1. c4 c6 2. Nf3 d5 3. e3 Nf6 4. Nc3 g6 5. d4 Bg7 6. Bd3 O-O 7. O-O Bg4 8. h3 Bxf3 9. Qxf3 e6 10. Rd1 Nbd7 11. b3 Qe7 {D94: Grünfeld: 4 Nf3 Bg7 5 e3} (11... Re8 12. Bb2 Rc8 13. Rac1 a6 14. Bf1 Qe7 15. Rc2 h5 16. e4 dxe4 17. Nxe4 Nxe4 18. Qxe4 Rcd8 19. Re2 Nb6 20. g3 {½-½ (46) Mamedyarov,S (2753)-Caruana,F (2774) Moscow 2013}) 12. Bb2 Rfd8 13. Bf1 Rac8 {[#] White has an edge.} 14. Qe2 $146 ({Predecessor:} 14. Rab1 Rc7 15. Qg3 Rcc8 16. Ba1 a6 17. Qf3 b5 18. Rbc1 Nb6 19. cxd5 cxd5 {1-0 (67) Nielsen,P (2515)-Johansen,T (2270) Gausdal 1999}) 14... Ne4 15. Nxe4 dxe4 16. a3 e5 17. b4 exd4 18. Bxd4 c5 19. Bxg7 Kxg7 20. Qc2 b6 21. b5 Nf6 22. a4 Rxd1 23. Rxd1 Rd8 24. Rxd8 Qxd8 25. Qc3 Qc7 26. g4 {Hoping for g5.} g5 27. Bg2 Kg6 28. Qa1 h6 29. Qc3 Qd6 30. a5 h5 31. gxh5+ Kxh5 32. Qc2 Qe5 {aiming for ...Qa1+.} 33. Qd1+ g4 34. axb6 axb6 35. Qd8 Qa1+ 36. Bf1 gxh3 {( -> ...Ng4)} 37. Qh8+ Kg6 38. Qxh3 Qd1 39. Qg2+ Kf5 40. Qh3+ Qg4+ 41. Kh2 $1 Kg5 42. Qg3 Qxg3+ 43. Kxg3 $11 {[%mdl 4096] Endgame KB-KN} Ng4 {Strongly threatening ...Ne5.} 44. Be2 $2 {[%mdl 8192]} (44. Bg2 $11 {and White stays safe.}) 44... Ne5 $19 45. Bf1 (45. Kh3 $142 f6 46. Kg2) 45... Nf3 $2 (45... f6 $1 $19 {is more deadly.} 46. Kh3 f5) 46. Be2 $17 Ne5 $2 (46... Nd2 47. Kh3 f6) 47. Bf1 $19 {[#]} f6 $1 48. Be2 f5 49. Kh3 {[#] intending Kg3.} f4 $1 50. Kh2 f3 51. Bf1 Kh4 {Accuracy: White = 53%, Black = 79%.} 0-1

[Event "Eurasia Open Cup 2019"]
[Site "Ekaterinburg"]
[Date "2019.08.09"]
[Round "9.9"]
[White "Gleizerov, Evgeny"]
[Black "Gabdrakhmanov, Azat"]
[Result "1-0"]
[WhiteElo "2498"]
[BlackElo "2111"]
[Annotator "TA"]
[PlyCount "101"]
[EventDate "2019.07.31"]
[EventType "swiss"]
[EventCountry "RUS"]
[SourceTitle "playchess.com"]
[Source "ChessBase"]
[SourceQuality "1"]

{[%evp 22,101,39,25,22,37,38,22,42,42,35,16,31,-78,-91,-71,-83,-106,-112,-117,-125,-116,-116,-139,-137,-133,-26,-28,0,0,5,6,5,16,9,0,0,0,0,0,0,0,0,0,0,0,0,0,0,0,0,0,24,25,31,27,39,39,40,40,47,35,62,40,278,256,272,268,912,837,790,723,1239,1166,5405,5193,29971,29964,29974,29974,29988,29989]} 1. d4 Nf6 2. c4 g6 3. Nc3 Bg7 4. e4 d6 5. Nf3 O-O 6. Be2 e5 7. O-O Na6 8. Be3 Ng4 9. Bg5 Qe8 10. dxe5 Nxe5 11. Nd4 Nc6 12. Ndb5 f5 {E94: King's Indian: Classical: 6 Be2 e5 7 0-0: Various Black 7th moves} 13. exf5 Bxf5 14. Qd2 Qd7 {The position is equal.} 15. Be3 Nab4 $146 ({Predecessor:} 15... Kh8 16. Rad1 b6 17. Nd5 Rac8 18. b4 Nab8 19. a3 Rf7 20. Rfe1 {1-0 (33) Zhao,X (2506)-Bach,M (2301) Caleta 2016}) 16. Rac1 Ne5 17. Nd4 (17. f4 $14 {stays ahead.} Ng4 18. Bd4) 17... Nbd3 $17 18. Nxf5 Nxc1 ({Much weaker is} 18... Qxf5 $6 19. Rcd1 $11) 19. Nxg7 Nxe2+ 20. Nxe2 Qxg7 21. Bh6 Nxc4 {[%mdl 64] Double Attack} 22. Bxg7 Nxd2 23. Bxf8 {And now Rd1 would win.} Rxf8 {[%mdl 4096] Endgame KRN-KRN} (23... Re8 $17 24. Re1 Kxf8) 24. Rc1 $1 $11 Ne4 25. Rxc7 Rf7 26. Rc8+ Rf8 27. Rxf8+ Kxf8 {KN-KN} 28. f3 Nc5 29. b3 Nd3 30. Nc3 Ke7 31. Kf1 Ke6 32. g3 Ne5 33. Ke2 d5 34. Nb5 Nc6 35. Ke3 a6 36. Nd4+ Kd6 37. f4 h5 38. h3 Ne7 39. g4 hxg4 40. hxg4 Nc6 41. a3 Ne7 42. b4 Ng8 $2 {[#]} ({Black should try} 42... Nc6 $14) 43. Nf3 $1 $18 {[%cal Rf3e5]} Ne7 44. Ne5 Ke6 $2 {[#]} (44... Kc7 45. Kd4 b6) 45. Nxg6 $1 {[%mdl 512]} Nc6 (45... Nxg6 46. f5+) 46. f5+ Kf6 47. Kf4 Nd4 48. g5+ Kg7 49. Ne5 {White mates.} Kh7 50. f6 Ne2+ 51. Ke3 {Accuracy: White = 74%, Black = 34%.} 1-0

[Event "Eurasia Open Cup 2019"]
[Site "Ekaterinburg"]
[Date "2019.08.09"]
[Round "9.10"]
[White "Drygalov, Sergey"]
[Black "Sivuk, Vitaly"]
[Result "0-1"]
[WhiteElo "2492"]
[BlackElo "2546"]
[Annotator "TA"]
[PlyCount "82"]
[EventDate "2019.07.31"]
[EventType "swiss"]
[EventCountry "RUS"]
[SourceTitle "playchess.com"]
[Source "ChessBase"]
[SourceQuality "1"]

{[%evp 9,94,16,26,25,31,29,29,32,35,39,49,52,52,49,45,43,43,52,39,48,46,44,50,39,45,39,49,58,34,34,34,12,18,0,0,0,0,-94,-29,-94,-104,-97,0,0,0,0,0,0,0,0,0,0,0,0,0,0,0,0,0,0,0,0,0,0,0,-109,-113,-200,-194,-403,-408,-410,-410,-388,-399,-604,-597,-609,-591,-659,-627,-821,-840,-891,-861,-823,-677]} 1. e4 c5 2. Nf3 Nc6 3. Nc3 Nf6 4. Bb5 Qc7 5. Bxc6 (5. O-O Nd4 6. Re1 a6 7. Bf1 Ng4 8. e5 Nxf3+ 9. Qxf3 Nxe5 10. Qh5 Ng6 11. Nd5 Qd6 12. d4 cxd4 13. Bd2 e6 14. Ba5 b6 15. Bxb6 {1-0 (28) Harikrishna,P (2730)-Duda,J (2731) Prague 2019}) 5... Qxc6 6. Qe2 {B30: Sicilian: 2...Nc6 3 Bb5, lines without ...g6} d6 7. d4 Bg4 8. d5 {White has an edge.} Qb6 9. a4 $146 {[%cal Ba2a4,Ba4a5][%mdl 32]} ({Predecessor:} 9. h3 Bh5 10. g4 Bg6 11. Nd2 h6 12. Nc4 Qc7 {1-0 (24) Talon,A (2123)-Fricot,F (1926) SEMI email 1998}) 9... a6 10. a5 Qc7 11. Bg5 Nd7 12. h3 Bxf3 $1 13. Qxf3 g6 14. O-O Bg7 15. Qe2 h6 16. Bd2 O-O 17. Na4 Rae8 18. Bc3 e6 {next ...exd5 is good for Black.} 19. Bxg7 Kxg7 20. Nc3 e5 21. g4 Qd8 22. Nd1 {[#]} h5 $1 {[%mdl 512]} 23. Ne3 (23. f3 $11 {remains equal.}) (23. gxh5 Rh8) 23... Rh8 (23... hxg4 $1 $17 24. Qxg4 Nf6 25. Nf5+ Kg8) 24. Kg2 (24. gxh5 $1 $11 {was the only way to keep the balance.} Qg5+ 25. Qg4 Rxh5 26. Qxg5 Rxg5+ 27. Kh2) 24... hxg4 $1 $17 25. hxg4 Qg5 ({Reject} 25... Qh4 $6 26. Rh1 $14) ({Black should play} 25... Rh4 $1 $17) 26. Rh1 $11 Nf6 27. Qf3 Nh5 28. Rag1 $1 Nf6 29. Rxh8 Rxh8 30. Rh1 Rxh1 (30... Re8 {looks sharper.} 31. Nc4 Rd8 32. Kg3 Nh5+ 33. Kg2 Nf6) 31. Kxh1 Kf8 $36 {[%mdl 2048] Black is pushing.} 32. Kg2 $1 Qh4 33. Kf1 Ke7 34. Qg2 Nh7 35. c3 Ng5 36. Ke1 Qh8 37. f3 {[#]} (37. Kd2 $11) 37... Qe8 $1 $17 38. Qh1 {[#]} (38. Qf1 $17) 38... Qb5 $1 $19 {[%cal Rb5d3] ...Qd3 is the strong threat.} 39. Kd2 $2 (39. Qh4 f6 40. Qf2) 39... Qxb2+ 40. Nc2 Kd7 41. Qf1 f6 {Played: Qb2-a2} 0-1

[Event "Eurasia Open Cup 2019"]
[Site "Ekaterinburg"]
[Date "2019.08.09"]
[Round "9.11"]
[White "Khanin, Semen"]
[Black "Nesterov, Arseniy"]
[Result "1-0"]
[WhiteElo "2517"]
[BlackElo "2451"]
[Annotator "TA"]
[PlyCount "127"]
[EventDate "2019.07.31"]
[EventType "swiss"]
[EventCountry "RUS"]
[SourceTitle "playchess.com"]
[Source "ChessBase"]
[SourceQuality "1"]

{[%evp 14,127,8,0,18,0,39,35,34,33,80,77,93,93,94,78,236,244,237,225,239,233,252,236,244,243,227,222,258,172,175,168,190,110,110,102,146,135,318,207,214,139,140,137,142,142,142,139,140,143,140,140,157,158,147,157,165,174,269,239,239,239,239,239,239,239,239,154,239,239,234,228,282,275,387,342,482,475,471,445,411,411,363,0,411,411,29972,29973,29974,29975,29975,29976,29977,29976,29975,29976,29977,29975,29975,29976,29976,29977,29980,29977,29977,29978,29978,29979,29978,29979,29979,29980,29980,29981,29980,29980]} 1. e4 e6 2. d4 d5 3. e5 c5 4. c3 Qb6 5. Nf3 Nc6 6. Na3 cxd4 7. cxd4 Bd7 8. Nc2 Rc8 {C02: French: Advance Variation} 9. Bd2 Nh6 10. Bd3 Nf5 {[%cal Rf5d4] White is slightly better.} 11. O-O Be7 $146 (11... Nfxd4 $6 12. Nfxd4 Nxe5 13. Bc3 $16) ({Predecessor:} 11... Nb4 12. Bxf5 exf5 13. e6 fxe6 14. Bxb4 Bxb4 15. Nxb4 Qxb4 {1-0 (24) Volokitin,A (2718)-Nyzhnyk,I (2614) Mamaia 2012}) 12. b4 a5 ({Not} 12... Nxb4 $2 13. Nxb4 Bxb4 14. Rb1 $18) (12... Bxb4 $2 13. Rb1 $18) ({Don't blunder} 12... Ncxd4 $2 13. Nfxd4 Nxd4 14. Be3 $18) 13. bxa5 Qa7 {[%cal Rf5d4]} 14. Rb1 Nfxd4 $2 (14... g6 $16) 15. Nfxd4 $18 Nxd4 16. Be3 Bc5 17. Bxd4 {[%mdl 64] Overworked Piece} Bxd4 18. Nxd4 Qxd4 19. Rxb7 {Hoping for Bb5.} Qxe5 20. Qf3 Rc7 21. a6 {aiming for Rb8+.} Rxb7 22. axb7 {Threatens to win with Qh5!} Ke7 23. Rb1 ({White should play} 23. Rc1 $18) 23... Rb8 $16 24. Bf1 ({But not} 24. Bxh7 $6 Rxb7 25. Qa3+ Kd8 $11) 24... Bc6 25. Qa3+ $1 Kf6 $2 (25... Kd7 $16 {was necessary.}) 26. Qa6 Qc7 {[%cal Rb8b7]} 27. Rc1 Bxb7 28. Rxc7 {White wants to mate with Qd6!} Bxa6 29. Bxa6 {[%mdl 4096] Endgame KRB-KR} Rb2 30. g4 Rxa2 31. Bb5 Ra8 32. g5+ Kxg5 33. Rxf7 Kg6 34. Rf3 e5 35. Bc6 Ra1+ (35... Rd8 $142 36. Kf1 Kg5) 36. Kg2 $18 Rd1 37. Be8+ Kg5 38. Rf7 $1 Kg6 39. h4 $1 e4 40. Rf4+ Kh6 {[#]} 41. Rf5 $1 {[%csl Ge8][%cal Rf5h5]} g6 {[#]} 42. Re5 $1 Rd4 43. Bc6 Rd2 (43... Kg7 $142 44. Rxd5 Rc4) 44. Bb7 Rc2 (44... Rd4 {might work better.} 45. Bxd5 e3 46. fxe3 Rxh4) 45. Bxd5 Rc5 46. Rg5 Ra5 47. Kf1 Ra1+ 48. Kg2 Ra5 49. Bxe4 Rxg5+ (49... Ra3 $18 50. Re5 Kg7) 50. hxg5+ {White mates.} Kxg5 {KB-KPP} 51. Kg3 Kf6 52. Kf4 Kf7 53. Bd5+ Kf6 54. Bc4 Kg7 55. Kg5 h6+ 56. Kf4 Kf6 57. Bd3 g5+ 58. Ke4 Ke6 59. Be2 Kf6 60. Bg4 Kg6 61. Ke5 h5 62. Be2 g4 63. Kf4 Kf6 64. Bd3 {Accuracy: White = 86%, Black = 49%.} 1-0